[Event "Corus-B"]
[Site "Wijk aan Zee"]
[Date "2000.01.24"]
[Round "6"]
[White "Onischuk, Alexander"]
[Black "Van der Wiel, John"]
[Result "1-0"]
[WhiteElo "2637"]
[BlackElo "2558"]
[Annotator "Golod,V"]
[PlyCount "67"]
[EventDate "2000.01.18"]
[EventType "tourn"]
[EventRounds "11"]
[EventCountry "NED"]
[EventCategory "11"]
[SourceTitle "CBM 075"]
[Source "ChessBase"]
[SourceDate "2000.04.05"]
[SourceVersion "1"]
[SourceVersionDate "2000.04.05"]
[SourceQuality "1"]

1. d4 Nf6 2. c4 e6 3. Nc3 Bb4 4. Qc2 O-O 5. a3 Bxc3+ 6. Qxc3 d6 7. Bg5 Nbd7 $5
{Besides this move black has several options:} (7... Qe7 $5 {See comments to
Van Wely,L-Van der Wiel, J/Rotterdam,1998/CBM 66(1-0) (Golod,V) (24)}) (7...
Nc6 $5) (7... h6) (7... Re8 $5) ({and} 7... b6) 8. Nf3 {This move seems more
realistic than:} (8. e3 $5 {See comments to Cramling,P-Kortschnoj,V/ Marbella,
1999/CBM 74 (1/2-1/2)(Golod,V)(23)}) 8... h6 {Besides, black has four
principales options: 8...b6;8...Re8;8...Qe7 and 8...Qe8.} 9. Bh4 (9. Bxf6 $143
Nxf6 10. e3 b6 11. Be2 (11. Bd3 $6 Bb7 12. Qc2 c5 13. e4 cxd4 14. Nxd4 Rc8 {
=/=/+ Pacsay,L-Sax,G/Balatonbereny,1985 (1/2-1/2)(45)}) 11... c5 12. O-O Bb7
13. b4 Rc8 $11 {Hera,I-Horvath,C/HUN,1999(0-1)(40)}) 9... g5 $6 {[%mdl 4]} ({
Other alternatives are:} 9... Qe8 $5 10. e3 Ne4 (10... b6 11. Nd2 Bb7 12. f3 c5
13. dxc5 dxc5 14. Be2 {+/=/= Umanskaya,I-Pudkova,T/Podolsk,1990 (1-0)(69)}) 11.
Qc2 f5 12. Nd2 (12. Bd3 $143 Ndf6 13. Bxf6 Nxf6 14. O-O a5 15. b4 Bd7 16. b5 b6
$11 {Hoang ThanTrang-Eperjesi,L/Budapest, 1995(1-0)(63)}) 12... Nxd2 13. Qxd2
e5 14. dxe5 Nxe5 15. f3 Be6 16. Qc3 a5 17. c5 {+/=/= Keatinge Clay,A-Eperjesi,
L/ Budapest,1999(1/2-1/2)(64)}) (9... b6 $5 10. Nd2 (10. e3 $143 Bb7 11. Be2
Qe7 12. O-O g5 13. Bg3 Ne4 14. Qc2 f5 15. Nd2 Ndf6 $11 {Guerra Bastida,
D-Rodriguez,A/Malaga,1991 (1/2-1/2)(32)}) 10... Bb7 11. f3 c5 12. e4 Rc8 13.
dxc5 Rxc5 14. Qd4 Qb8 15. Be2 {+/=/= Kortschnoj,V-Kosten,A/Hastings,1988 (1-0)
(31)}) ({and} 9... Qe7 10. e3 e5 11. Be2 a5 (11... Re8 $5 {[%cal Gd7f8,Gf8g6]})
12. b3 Re8 13. Qc2 b6 14. O-O Bb7 15. d5 $14 {Fischer,J-Kiefer,G/Badenweiler,
GER,1985 (1-0)(40)}) 10. Bg3 Ne4 11. Qc2 f5 12. e3 b6 $146 (12... Ndf6 {
(was checked in the previous game):} 13. Bd3 h5 $2 {>= 13...b6} 14. h4 $1 Nxg3
15. fxg3 g4 16. Ng5 $1 Nh7 17. Nxh7 Kxh7 18. O-O $16 {See comments to
Beliavsky,A-Van der Wiel, J/Amsterdam,1989/CBM14(1-0) (ChessBase)(25)}) 13. Nd2
{White wants to exchange the strong black's knight.} Nxg3 ({A little worse is:
} 13... Ndf6 14. f3 Nxg3 15. hxg3 Kg7 16. Bd3 $14) 14. hxg3 Qf6 15. Be2 Bb7 16.
Bf3 $1 {Now white wants to exchange or make black to cover bishop b7.} c6 ({
Interestingly:} 16... Bxf3 17. gxf3 $140 c5 18. O-O-O cxd4 19. exd4 b5 $132 {
[%csl Rc1]}) 17. O-O-O $14 g4 18. Be2 c5 19. d5 $6 ({Can be recommended:} 19.
f3 $5 {[%csl Rg8]}) 19... exd5 20. cxd5 c4 $2 {Serious gross positional
mistake. It was necessarily:} (20... Bxd5 $1 21. Bc4 {[%csl Rd6]} (21. Nc4 $143
Bxg2 22. Rxd6 (22. Rh2 $2 Be4 $1 23. Qa4 $140 {[%cal Ga4d7,Gc4d6,Gd1d6]} b5 $3
(23... d5 $2 24. Qxd7 $14) 24. Qxb5 Rfb8 25. Qxd7 (25. Qa5 d5 $19) (25. Qa4
$144 Rxb2 $19) 25... Rxb2 $19 {[%csl Rc1][%cal Gf6c3]}) 22... Bxh1 23. Rxf6
Rxf6 $15) 21... Be6 22. Ne4 fxe4 23. Rxd6 Rae8 24. Rxd7 (24. Qxe4 $2 Ne5 $19)
24... Bxc4 25. Qxc4+ Qe6 26. Qxe6+ Rxe6 $15 {[%csl Rf2] _|_}) 21. Nb1 {[%cal
Gb1c3]} (21. Nxc4 $2 Rac8 {[%csl Rc4][%cal Gb6b5]} 22. Qb3 (22. Qa4 $2 Nc5 23.
Qxa7 b5 $19) 22... Nc5 (22... Rc5 $5) 23. Qb4 Ne4 24. Rhf1 Rc5 $17 {[%csl Rd5]}
) 21... b5 22. Nc3 $16 Ba6 ({Senselessly:} 22... b4 {because of:} 23. axb4 a5
$140 24. b5 $16) 23. Rh4 {[%cal Gd1h1] The white's pressure is getting
stronger and stronger.} Nc5 (23... Qg7 24. Rdh1 Rf6 25. f3 $40) 24. Rdh1 Kg7
25. Kb1 {[%csl Rc1][%cal Gc5b3,Gc5d3,Yc1b1] Prophylactic move.Now from threat:
Bg4 black has no satisfactorily protection.} Rab8 {[%cal Gb5b4]} 26. Bxg4 $1
Nd3 (26... fxg4 $143 27. Rxg4+ Kh8 (27... Kf7 28. Rf4 $18) 28. Rg6 $18) 27.
Rxh6 Qxh6 28. Rxh6 Kxh6 29. Be2 Nxf2 $2 {Deciding mistake,more stubborn
resistance after:} (29... b4 $142 30. axb4 Rxb4 31. Nd1 Rfb8 {+/-/+-}) 30. Bxc4
Ng4 31. Bd3 Ne5 (31... b4 $144 32. Bxa6 bxc3 33. Qxc3 $18) 32. Ne2 $18 Rbc8 33.
Qd1 Ng4 (33... Nxd3 $142 34. Qxd3 Rc5) 34. Nf4 {[%csl Rh6][%cal Gd1h1,Gf4e6]
Now the material lose is unavoidable,that is why black resign.} 1-0

[Event "Herzliya"]
[Site "Herzliya"]
[Date "1998.09.11"]
[Round "6"]
[White "Lev, Ronen"]
[Black "Wells, Peter K"]
[Result "1/2-1/2"]
[WhiteElo "2460"]
[BlackElo "2515"]
[Annotator "Golod,V"]
[PlyCount "55"]
[EventDate "1998.09.??"]
[EventType "tourn"]
[EventRounds "11"]
[EventCountry "ISR"]
[EventCategory "10"]
[SourceTitle "EXT 1999"]
[Source "ChessBase"]
[SourceDate "1998.11.16"]
[SourceVersion "1"]
[SourceVersionDate "1998.11.16"]
[SourceQuality "1"]

1. d4 Nf6 2. c4 e6 3. Nc3 Bb4 4. Qc2 O-O 5. a3 Bxc3+ 6. Qxc3 b6 7. Bg5 Bb7 8.
e3 d6 9. f3 $5 (9. Nf3 $5 {-see comments to Dreev,A-Salov,V/Elista,1998/CBM65
(1/2-1/2);[Golod,V];(36),and also Dreev,A-Razuvaev,Y/St.Petersburg 1998/CBM67
(1-0);[Golod,V];(40)}) 9... Nbd7 (9... h6 $5 {-see comments to Schandorff,
L-Hansen,C/Taastrup,1998/CBM65(1/2-1/2);[Golod,V];(35)}) 10. Bd3 $5 ({Comments
to this part of the game(10-12 moves) and also} 10. Nh3 $5 {you can find in
annotations to Vera,R-Bacrot,E/Havana,1998/CBM65(1/2-1/2);[Golod,V];(41)})
10... c5 11. dxc5 Nxc5 12. Bc2 Rc8 (12... e5 $5 13. Ne2 Rc8 14. Rd1 Ne6 15.
Bxf6 Qxf6 16. O-O (16. Rxd6 $2 Qh4+ $36 {[%csl Rc4]}) 16... d5 17. Qd3 e4 18.
fxe4 dxc4 $13 {1/2-1/2 Bass,L-De la Cruz Lopez,J/Madrid 1993/EXT 97 (37)}) 13.
Bxf6 $5 ({Worse is:} 13. Nh3 Ncd7 14. O-O (14. Qd2 Rxc4 15. Bb3 Rc5 16. Qxd6
Qc7 17. Qxc7 Rxc7 18. O-O h6 19. Bf4 e5 20. Bg3 Bd5 21. Bxd5 {1/2-1/2 Sands,
D-Cooper,A/GBR 1998/EXT 99 (21)}) 14... d5 15. b3 dxc4 16. bxc4 Bd5 17. Bxh7+
Kh8 18. Qe1 Bxc4 19. Qh4 Bxf1 20. Bg6+ Kg8 21. Bh7+ {1/2-1/2 Hsu Li Yang-Wu
Shaobin/Karpov GM, Singapore SIN 1997}) 13... Qxf6 14. Qxf6 gxf6 15. O-O-O $5
$146 (15. Rd1 {was checked in the previous game.} Nd7 {[%csl Rc4]} 16. Rxd6 Ne5
17. b3 b5 18. Ne2 bxc4 19. Kf2 cxb3 20. Bxb3 Rfd8 $11 {1/2-1/2 Shemeakin,
A-Polak,T/Hlohovec 1995/EXT 97 (64)}) 15... Rfd8 $5 ({A little worse is:} 15...
d5 {in view of:} 16. cxd5 Bxd5 17. Ne2 {[%cal Ge2c3] and white has a slight
positional advantage in the endgame.}) 16. Nh3 $5 {[%csl Rf6][%cal Gh3f4,Gf4h5]
} ({Badly:} 16. Ne2 {because of:} Ba6 17. b3 d5 {[%csl Rc4,Re2][%cal Ga6e2] =/
+/-/+}) 16... e5 $5 {(><f4;/\d5)} ({Good enough:} 16... d5 $5 17. cxd5 (17. Nf4
$2 dxc4 18. Nh5 f5 $17) 17... Bxd5 18. Nf4 Nb3+ 19. Kb1 Bc4 $11) 17. Kb1 (17.
e4 $2 Ne6 {[%csl Rc4][%cal Ge6d4]} 18. b3 Nd4 $1 (18... b5 $143 19. cxb5 Nd4
20. Rxd4 $8 (20. Rd2 $4 Nxb3+ $19) 20... exd4 21. Rd1 Rc3 (21... d5 22. Rxd4
dxe4 23. Rxd8+ Rxd8 24. Bxe4 $13) 22. Rxd4 Rdc8 23. Rc4 (23. Rd2 $143 Rxb3 24.
a4 $15) 23... R8xc4 24. bxc4 Rxc4 25. Kd2 $44) 19. Kb2 b5 20. Bd3 bxc4 21. Bxc4
d5 22. exd5 Bxd5 {=/+/-/+}) 17... a5 $5 $11 {(><b4;/\d5)} ({Dubious:} 17... d5
$5 18. cxd5 $1 (18. Bf5 Ne6 19. cxd5 Bxd5 20. Nf2 Bb3 21. Rxd8+ Rxd8 22. Ne4
Kg7 $11) 18... Bxd5 19. b4 Ne6 20. Kb2 $14 {white has a better endgame ,in
view of a feeble pawn chain of black.}) 18. Nf2 ({Senseless:} 18. Rd2 {because
of:} Ne6 $11 {[%csl Rc4][%cal Gd6d5]}) 18... d5 19. cxd5 ({Also equality after:
} 19. Bf5 Ne6 20. cxd5 Bxd5) 19... Bxd5 20. Ng4 (20. b4 $2 axb4 21. axb4 Na6
$36) 20... Kg7 $8 21. Bxh7 $5 Bb3 {[%csl Rd1,Rh7]} 22. Bc2 {is the better move.
} ({After:} 22. Rxd8 $6 Rxd8 23. Bc2 Rd2 24. Bxb3 Nxb3 {[%csl Rb2,Rg2] black
has a full compensation for a pawn.}) 22... Bxc2+ 23. Kxc2 Nd3+ $1 {/\f5(פg4)}
24. Kb1 f5 25. Rd2 $8 {[%csl Rd3,Rd8][%cal Gh1d1]} fxg4 26. Rhd1 Rh8 $11 {
[%csl Rh2]} 27. Rxd3 Rxh2 28. R1d2 1/2-1/2

[Event "Ciocaltea Memorial"]
[Site "Bucharest"]
[Date "2003.03.07"]
[Round "4"]
[White "Grigore, George Gabriel"]
[Black "Firman, Nazar"]
[Result "1-0"]
[WhiteElo "2482"]
[BlackElo "2496"]
[Annotator "Golod,V"]
[PlyCount "79"]
[EventDate "2003.03.04"]
[EventType "tourn"]
[EventRounds "13"]
[EventCountry "ROU"]
[EventCategory "9"]
[SourceTitle "CBM 094"]
[Source "ChessBase"]
[SourceDate "2003.05.26"]
[SourceVersion "1"]
[SourceVersionDate "2003.05.26"]
[SourceQuality "1"]

1. d4 Nf6 2. c4 e6 3. Nc3 Bb4 4. Qc2 O-O 5. a3 Bxc3+ 6. Qxc3 b6 7. g3 Bb7 8.
Nf3 d6 9. Bg2 Nbd7 10. O-O Ne4 {This logical move extremely seldom was met in
this position. Also there are five main alternatives. You can see comments to
them in the following games:} (10... h6 $6 {In my opinion,it's superfluous
move.Grigore,G-Cosma,I/Bucuresti,1998/CBM 69(1-0)(Golod,V)(48)}) (10... Be4 {
Horvath,G-Lugovoi,A/Halkidiki,2002/CBM 92(1-0)(Golod,V)(56)}) (10... Qe7 $5 {
Mikhalevski,A-Tunik,G/Beersheba,1996/CBM 53(0-1)(Dautov,R)(86)}) (10... c5 $5 {
Tyomkin,D-Shabtai,R/Jerusalem,1996/CBM 56(1/2-1/2)(Kanstler,B)(43)}) ({and} 
10... a5 {Kortschnoj,V-Karpov,A/Biel,1992/CBM 31(0-1)(Ftacnik,L)(56)}) 11. Qc2
Rb8 $146 {[%csl Rb7][%cal Yb8b7]} ({Were checked in the preceding games:} 11...
f5 $6 12. Ng5 Nxg5 13. Bxb7 Rb8 14. Bg2 (14. Bc6 $5) 14... h6 15. f4 Nh7 16. e4
{+/=/+/- Avramov,A-Dimitrov,P/Bankia,1991(1/2-1/2)(54)}) ({and} 11... h6 {
[%csl Yh6][%cal Yh6g5]} 12. Nd2 $6 (12. b4 $5) 12... Nxd2 13. Bxd2 Bxg2 14.
Kxg2 e5 $11 {Torres Sanchez,J-Vivo Teruel,J/Valencia,1994(1/2-1/2)(34)}) 12.
Ne1 {White at once begins active actions.} ({Is a possible continuation of the
play:} 12. b4 {with the next plan: Bb2, Ne1 and f3.}) 12... Nef6 $6 {Too
passively. Black completely refuses the struggle for the centre.} ({Can be
recommended:} 12... f5 $5 13. f3 Nef6 14. e4 (14. b4 $5) 14... fxe4 15. fxe4 e5
16. d5 c6 $132 {[%csl Rc4,Gc6,Rd5][%cal Gb6b5]}) 13. e4 {[%csl Yc4,Yd4,Ye4]} c5
({It deserves attention:} 13... e5 14. d5 $140 c6 15. b4 cxd5 16. cxd5 Ba6 (
16... Rc8 $143 17. Qe2 Nb8 18. Be3 $14 {[%csl Ya3,Yb4]}) 17. Nd3 Qc8 $1 $11)
14. d5 ({Hardly it is enough for achievement of advantage:} 14. dxc5 bxc5 (
14... Nxc5 $143 15. b4 Ncd7 {[%cal Gb8c8]} (15... Ncxe4 $4 16. f3 {[%csl Re4]})
(15... Bxe4 $4 16. Bxe4 Ncxe4 17. f3 {[%csl Re4]}) 16. Bf4 $14) 15. b4 Qc7 $11)
14... b5 $1 {Differently, it will be possible to struggle only for equality.}
15. b3 ({Leads to more interesting game:} 15. dxe6 fxe6 16. cxb5 a6 $44) 15...
bxc4 16. bxc4 Ba6 {Black begin to attack point c4.Task of white: to protect
the pawn "c4" and fields of intrusion on <-> b.} 17. Nd3 Re8 ({For the benefit
of white the next tactical complications:} 17... Nb6 18. dxe6 fxe6 19. e5 Ng4
20. exd6 Bxc4 21. Rd1 Bxd3 22. Rxd3 Rxf2 23. Qxc5 $14) 18. Bf4 e5 $6 {It was
not necessary to close the centre.} (18... Nb6 $142) 19. Bd2 Nb6 20. Nb2 $14
Re7 21. Rae1 (21. f4 $5) 21... Reb7 {[%csl Rb2][%cal Gb6d5]} 22. Bc1 {[%csl
Yc1,Rc4][%cal Yc1b2,Yb2c4] Now all weakness of white are reliably protected
and it is possible to think about "f4".} Ne8 23. f4 Re7 (23... exf4 $143 24.
gxf4 {[%cal Ge4e5]}) 24. f5 $1 {[%cal Gg3g4,Gg4g5] This move is much better
than:} (24. fxe5 dxe5 (24... Rxe5 $2 25. Bf4 Re7 (25... Nd7 26. Nd3 $1 $16) 26.
e5 $16) 25. Be3 Nd6 $1 26. Bxc5 $140 Rc7 $44) 24... Reb7 {<->b} 25. Rf3 {
[%cal Yf3b3,Gf3g3]} Nd7 26. Bf1 {[%csl Yf1]} Qa5 27. Ree3 {In camp of white
there are no more objects for an attack.} Nef6 28. h3 Nh5 {><f4} 29. Rf2 Ndf6
30. Kg2 Nd7 {Black have recognized an inaccuracy of their line and have
returned the knights on their initial place.} ({Pretty dubiously:} 30... Qd8 {
in view of:} 31. Be2 {/\Nd3 and g4(פh5).}) 31. Be2 Nhf6 32. g4 {[%cal Gg4g5]}
g5 $2 {The not compelled easing of the king side.} (32... h6 $142 33. h4 Nh7
$14 {[%cal Ya5d8]}) 33. fxg6 $16 fxg6 ({Much worse is:} 33... hxg6 34. Ref3 Qd8
35. Nd1 {[%csl Rf6,Rf7][%cal Gc1g5]}) 34. Ref3 Qe1 $2 {It was impossible to
think up more worse move.} ({Also badly:} 34... Rf8 35. Bh6 {[%cal Gg4g5]}) ({
and} 34... Qd8 35. Nd1 {[%cal Gc1g5]} Ne8 36. Bh6 {[%csl Rg8][%cal Gf3f8]} Nc7
37. Qa4 $1 $18 {[%csl Rg8][%cal Ga4d7,Gf3f8]}) ({More stubborn resistance
after:} 34... Ne8 35. Bh6 Ng7 36. Na4 $16 (36. Rf7 $143 Nb6 {[%csl Yb7]})) 35.
Nd3 Qa5 36. Rxf6 Nxf6 37. Rxf6 $18 Rb3 38. Bh6 Qc3 ({Hardly is better:} 38...
Rxa3 39. Qb2 {[%csl Rg8]} Re8 (39... Rd8 40. Rxd6) 40. Re6 Rd8 41. Rxd6 Rxd6
42. Qxe5 $18 {[%csl Rg8][%cal Ge5e8,Ge5g7,Ge5d6]}) ({or} 38... Qxa3 39. Rxd6
Qa4 40. Rxa6 Qxa6 41. Nxc5 Qa3 42. Nxb3 Rxb3 43. Bc1 $18) 39. Qd1 {[%csl Rg8]
[%cal Gd1f1]} Qa5 $2 ({Also loses right away:} 39... Qxc4 40. Qf1 Qxe4+ 41. Kh2
{[%csl Rg8][%cal Gf6f8]} Qxe2+ 42. Qxe2 Bxd3 43. Qf3 $18) ({and} 39... Rd8 40.
Qf1 Rbb8 41. Rf7 Qc2 42. Qf6 Qxe2+ 43. Nf2 {[%csl Rg8]}) 40. Qxb3 {[%csl Rg8]
[%cal Gf6f8]} 1-0

[Event "San Francisco Mechanics"]
[Site "San Francisco"]
[Date "1998.07.15"]
[Round "6"]
[White "Atalik, Suat"]
[Black "Christiansen, Larry Mark"]
[Result "0-1"]
[WhiteElo "2595"]
[BlackElo "2575"]
[Annotator "Golod,V"]
[PlyCount "82"]
[EventDate "1998.07.10"]
[EventType "tourn"]
[EventRounds "9"]
[EventCountry "USA"]
[EventCategory "10"]
[SourceTitle "CBM 066"]
[Source "ChessBase"]
[SourceDate "1998.09.30"]
[SourceVersion "1"]
[SourceVersionDate "1998.09.30"]
[SourceQuality "1"]

1. d4 Nf6 2. c4 e6 3. Nc3 Bb4 4. Qc2 O-O 5. a3 Bxc3+ 6. Qxc3 h6 7. Nf3 b6 (7...
d5 8. e3 Nbd7 9. b4 c6 10. Bb2 Ne4 11. Qc2 a5 12. Bd3 f5 13. O-O $14 {1-0 Dias,
A-Nagashima,C/Sao Paulo op 1995 (49)}) (7... d6 8. g3 Nbd7 (8... a5 9. b3 Re8
10. Bb2 Nc6 11. Bg2 e5 12. d5 Ne7 13. O-O Bd7 14. Nd2 Qc8 15. Rfc1 Bh3 16. Bh1
Qg4 17. e4 Ng6 18. Qe3 Qh5 19. f3 Nd7 20. b4 f5 $13 {0-1 Alterman,B-Kosashvili,
Y/Rishon le Zion 1994 (56)}) 9. Bg2 Qe7 10. O-O Re8 11. b4 c5 12. Bb2 Rb8 13.
dxc5 dxc5 14. Ne5 Nb6 15. Qb3 Bd7 16. b5 $16 {1-0 Botsari Miladinovic,
A-Nikolaou,G/Aegina op 1996 (28)}) (7... Nc6 8. e3 b6 9. Bd3 Bb7 10. b4 d5 11.
c5 Ne7 12. Ne5 c6 13. O-O b5 14. f3 $16 {1-0 Sisaettoe,O-Kangasmaa,M/FIN-chJ
U14 1996 (23)}) 8. b3 $146 (8. g3 Bb7 9. Bg2 d6 10. O-O a5 11. b3 Nbd7 12. Bb2
{1/2-1/2 Relange,E-Dorfman,J/ch-FRA, Meribel FRA 1998}) 8... Bb7 9. Bb2 d6 10.
e3 (10. g3 $5) 10... Nbd7 11. Be2 Ne4 12. Qc2 f5 13. O-O Ng5 $5 14. Qd1 (14.
Nd2 Nh3+ (14... f4 15. e4 c5 {[%cal Ge6e5]}) 15. Kh1 (15. gxh3 $4 Qg5+) 15...
Qh4 16. Bf3 (16. f3 $5 Ng5 17. Bd3) 16... Bxf3 (16... Nxf2+ $2 17. Rxf2 Qxf2
18. Bxb7 Rab8 19. Bc6 $16) 17. Nxf3 Qh5 18. Qd1 Ng5 19. Nxg5 Qxd1 (19... Qxg5
20. Qf3 $1 {[%cal Gf3c6]}) 20. Raxd1 hxg5 $14) 14... Qe7 15. Kh1 Rae8 16. Rc1
f4 $5 17. exf4 (17. Nxg5 $143 Qxg5 18. Bf3 Bxf3 19. Qxf3 fxe3 20. Qxe3 Qxe3 21.
fxe3 Nf6 {[%cal Gf6e4]}) 17... Rxf4 18. Nxg5 Qxg5 19. f3 $8 Rh4 {[%cal Gg5g3]}
(19... e5 $5 20. d5 Ref8) 20. Qe1 Nf6 21. g3 Rh3 22. Kg1 e5 $5 (22... Qe3+ 23.
Kg2 Qxb3 24. Kxh3 Qxb2 $44) (22... Nh5 $5 {[%cal Gh5g3]} 23. f4 Qg6 {[%cal
Yb7h1]} 24. Rc3 $1 Nf6 $1 {[%cal Gf6g4]} 25. Qd1 $1 h5 $5 {[%cal Gf6g4,Gh5h4]}
(25... Rf8 26. Re3) (25... Ne4 26. Re3 $1 {[%cal Ge2d3,Ge2g4]} (26. Qc2 Rf8 27.
Re3 (27. Rcf3 {[%cal Ge2d3] /\Bd3} Rxf4) 27... Rh4 $1 {[%cal Gh4f4]} 28. Ref3
Rfxf4 $3 29. Rxf4 Rxh2 $3 30. Rf8+ $1 (30. R1f3 Qh5 $1 31. Rxe4 (31. Rf8+ $2
Kh7 32. Rh8+ Kxh8 33. Rf8+ Kh7 34. Bxh5 Rxc2 $19) 31... Qh3 $1 32. Bd3 Rh1+ 33.
Kf2 Rh2+ $1 (33... Qh2+ 34. Ke3 Re1+ 35. Be2 $8 (35. Kf4 $2 Qh5 $3 36. g4 g5+
37. Kg3 Qh4+ 38. Kg2 Qh1+ 39. Kg3 Rg1+ 40. Kf2 Rg2+ 41. Ke3 Rxc2 42. Bxc2 Qe1+)
35... Bxe4 36. Qd2 $1 Bxf3 37. Qxe1 Bxe2 38. Qxe2 Qxg3+ 39. Kd2 $14) 34. Kg1 (
34. Ke3 $2 Rxc2 35. Bxc2 Qg2 $1 36. Rf2 Qxg3+ 37. Ke2 Bxe4 38. Bxe4 Qxb3 $17)
34... Rh1+ $11) 30... Kh7 31. Rh8+ $3 (31. Kxh2 Qxg3+ 32. Kh1 Qh3+ $11) 31...
Kxh8 32. Rf8+ Kh7 33. Kxh2 Qxg3+ 34. Kh1 Qg6 $1 (34... g6 35. d5 (35. Rh8+ Kxh8
36. d5+ e5 37. Qxe4 Qh3+ 38. Kg1 Qg3+ $11) 35... Nf2+ 36. Rxf2 Qxf2 37. Qe4 e5
38. Qf3 $14) 35. Bd1 $1 (35. Kh2 Qg3+) 35... Nf2+ 36. Kh2 Ng4+ $1 37. Kg1 Be4
$1 38. Qd2 Ne3+ 39. Kf2 Nxd1+ 40. Qxd1 Qg2+ 41. Ke3 Bf5 $1 42. Qc1 Qg3+ 43. Ke2
(43. Kd2 Qd3+ 44. Ke1 Qg3+ $11) 43... Qg2+ 44. Ke1 Qg3+ $1 $11) 26... Nxg3 (
26... Rf8 $4 27. Bg4) 27. hxg3 Rxg3+ 28. Kf2 Rxe3 29. Kxe3 Qg3+ 30. Kd2 Bg2 31.
Rg1 Qxf4+ 32. Kc3 Qf2 $14)) 23. dxe5 dxe5 {[%cal Gf6h5]} 24. Rf2 $5 {[%cal
Ge2f1]} (24. c5 {[%cal Gc5c6]} Nh5 $1 {[%cal Gh5g3]} 25. Rc4 Nxg3 26. hxg3
Rxg3+ 27. Kh2 Rg2+ 28. Kh1 Rg3 {[%cal Gg5h5]} 29. Kh2 Rg2+ $11) 24... e4 $2 (
24... Nh5 $1 25. Bf1 Nf4 $1 {[%cal Ge5e4,Gh3g3]} 26. Rd1 {[%cal Gb2c1]} Rxg3+ (
26... e4 27. fxe4 Rxe4 28. Qc3) 27. hxg3 Qxg3+ 28. Bg2 (28. Rg2 Qxf3 $1 {
[%cal Gf4g2]} 29. Qd2 Nh3+ 30. Kh2 Nf4 $1 {[%cal Gf3h5]} 31. Kg1 $1 Nh3+ $11)
28... Bxf3 $1 29. Rc2 Qg5 30. Rdd2 e4 $1 31. Kf1 Qh5 $1 $40 {[%cal Ge4e3]}) 25.
Bxf6 $1 (25. Bf1 $5 Rh5 (25... exf3 $2 26. Bxf6 Rxg3+ (26... Rxe1 27. Bxg5 $18)
27. hxg3 Qxg3+ 28. Rg2 $1) 26. f4 Qf5 $1 {[%cal Gf6g4,Ge4e3]} 27. Qc3 Qc5 $1
28. b4 e3 $1 29. Re2 (29. bxc5 $2 exf2+ 30. Kxf2 Rxh2+ (30... Ne4+ $19) 31. Bg2
(31. Kg1 Rh1+ 32. Kf2 Ng4#) 31... Rxg2+ 32. Kf1 Rh2 $1 $19 {[%cal Gh2h1,Gf6g4]}
) 29... Qe7 30. Rce1 Ng4 31. Bg2 c5 $1) 25... Qxf6 26. fxe4 (26. Bf1 $5 Rh5 27.
fxe4) 26... Qg6 27. Qf1 $1 Rh4 28. Bd3 $2 (28. c5 $3 $16 {[%cal Gc5c6] /\c6;/
\Bc4} Bxe4 (28... Qxe4 $2 29. Bc4+ $1 Bd5 (29... Kh8 30. Rf8+ Rxf8 31. Qxf8+
Kh7 32. Bg8+ Kg6 33. Qf7+ Kg5 34. Qxg7+ Kf5 35. Rf1+ $18) 30. Bxd5+ Qxd5 31.
gxh4 $18) (28... Rhxe4 29. Bc4+ Kh7 30. Bd3 $16) (28... Kh7 29. c6 $16 Bxc6
$140 $2 30. Rxc6 Qxc6 31. gxh4 $18) 29. Rf8+ $1 Rxf8 (29... Kh7 30. Rxe8 Qxe8
31. gxh4 Qg6+ 32. Kf2 $18) 30. Bc4+ Kh7 (30... Rf7 31. Bxf7+ Qxf7 32. Qxf7+
Kxf7 33. gxh4 $18) 31. Qxf8 $18) 28... Bxe4 {[%cal Gg6g3]} 29. Re1 $4 (29. Rf3
$5) 29... Qxg3+ $1 30. Rg2 Qd6 $1 31. Qe2 Qd4+ $2 (31... Rf4 32. Bxe4 Qd4+ 33.
Kh1 (33. Rf2 Rexe4 $19) 33... Rexe4 34. Qd1 Rxe1+ 35. Qxe1 Qd3 $19) (31... Bc6
$1 32. Qxe8+ (32. Qf2 Rxe1+ 33. Qxe1 Qxd3 34. Qe6+ (34. Qxh4 Qd1+ 35. Kf2 Qd2+)
34... Kh8 35. Qxc6 Qd1+ 36. Kf2 Qd2+ $1 $19) 32... Bxe8 33. Rxe8+ Kf7 34. Bg6+
Kf6 $19) 32. Qf2 (32. Qe3 $2 Bxd3 33. Qxd4 Rxe1+ 34. Kf2 Re2+) 32... Qxf2+ 33.
Kxf2 (33. Rxf2 $2 Rg4+) 33... Rf8+ 34. Kg3 Bxg2 35. Kxh4 Rf4+ 36. Kg3 Rf3+ 37.
Kxg2 Rxd3 38. Re8+ Kh7 39. b4 (39. Re7 Rxb3 40. Rxc7 Rxa3 $19) 39... Rc3 (39...
Rxa3 $142 40. b5 (40. Re7 Ra4 41. c5 (41. Rxc7 Rxb4) 41... c6 $1 $19) 40... Ra4
41. Re4 a6 42. bxa6 Rxa6 43. Re7 c5 44. Re6 Ra4 $19) 40. Rb8 Rxc4 41. Rb7 a6 $2
{Probably there is a mistake in the notation.} (41... a5 $142 {is much better.}
42. bxa5 bxa5 $19) (41... a6 $2 42. Ra7) 0-1